00670 a2200169 45000010006000000050017000060080041000230030015000640400040000790800035001192450102001542640038002563000019002945050159003130410008004721000020004805970520260407155850.0260407a1967 arg spa dAR-UNSa-BCEJYS aAR-UNSa-BCEJYSbspacAR-UNSa-BCEJYS a330.34xDesarrollo Económico10aEconomic development of the North Atlantic Communityphistorical introduction to modern economics 1aNew Jersey :bPrentice-Hallc1967 a747 p.c25 cm. a1. Roots of the Atlantic economy - 2. Founding the atlantic economy – 3. Industrializing the atlantic economy – 4. Integrating the Atlantic economy -  aspa1 aDillard, Dudley